[Event "TCh2-BEL 2002-3"]
[Site "Belgium BEL"]
[Date "2003.01.06"]
[Round "6"]
[White "Van Herck,M"]
[Black "De Haan,E"]
[Result "1/2-1/2"]
[WhiteElo "2206"]
[BlackElo "2222"]

1.e4 c5 2.Nf3 e6 3.d4 cxd4 4.Nxd4 Nc6 5.Nc3 Qc7 6.g3 a6 7.Bg2 Nf6 8.O-O d6
9.Re1 Rb8 10.b3 Nxd4 11.Qxd4 Be7 12.Bb2 b5 13.e5 dxe5 14.Qxe5 Qxe5 15.Rxe5 O-O
16.Rd1 Bb7 17.Re2 Rfc8 18.Rd3 Bxg2 19.Kxg2 Rb7 20.a4 b4 21.Nd1 Nd5 22.Ne3 Nxe3+
23.fxe3 Rbc7 24.Rdd2 f5 25.Kf3 g6 26.Be5 Rc5 27.Rd7 Bf8 28.Bd4 Rxc2 29.Rxc2 Rxc2
30.h4 Rc6 31.Ra7 h6 32.e4 g5 33.hxg5 hxg5 34.exf5 exf5 35.a5 Bc5 36.Bxc5 Rxc5
37.Rxa6 Rc3+ 38.Kf2 Kg7 39.Rb6 Rxb3 40.a6 Ra3 41.Rxb4 Rxa6 42.Rb5 Kg6 43.Rc5 Ra2+
44.Kg1 Kf6 45.Rb5 Rd2 46.Ra5 g4 47.Rb5 Ke6 48.Ra5 Rd5 49.Ra4 Ke5 50.Kg2 Rd2+
51.Kg1 Rd4 52.Ra5+ Ke4 53.Kg2 Rd2+ 54.Kg1 Rd5 55.Ra4+ Rd4 56.Ra5 Rd5 57.Ra4+ Kf3
58.Ra3+ Ke2 59.Kg2 Rd2 60.Ra5 Ke3+ 61.Kg1 Ke4 62.Rb5 Re2 63.Ra5 Kf3 64.Rxf5+ Kxg3
65.Rf1 Rg2+ 66.Kh1 Rf2 67.Ra1 Kh3 68.Kg1 g3 69.Ra8 Rg2+ 70.Kf1 Rf2+  1/2-1/2

[Event "Troll Masters"]
[Site "Gausdal NOR"]
[Date "2003.01.08"]
[Round "2"]
[White "Womacka,M"]
[Black "Faldt,M"]
[Result "1-0"]
[WhiteElo "2496"]
[BlackElo "2252"]

1.e4 c5 2.Nf3 Nc6 3.d4 cxd4 4.Nxd4 e6 5.Nc3 Qc7 6.Be3 a6 7.Bd3 b5 8.Nxc6 dxc6
9.f4 Nf6 10.O-O e5 11.f5 Bb7 12.Qf3 c5 13.Nd5 Nxd5 14.exd5 c4 15.Be4 O-O-O
16.Rad1 Bc5 17.Bxc5 Qxc5+ 18.Kh1 Rhe8 19.Qh3 Kb8 20.Qxh7 Qe3 21.Rfe1 Qg5
22.Qh3 Rh8 23.Qe3 Qh4 24.h3 Rd6 25.b3 cxb3 26.axb3 Rc8 27.c3 f6 28.Rc1 Rxd5
29.Bxd5 Bxd5 30.Rcd1 Bb7 31.Rd7 Rc7 32.Red1  1-0

[Event "Bundesliga 2002-3"]
[Site "Erfurt GER"]
[Date "2003.01.11"]
[Round "8"]
[White "Mueller,Matt"]
[Black "Schlosser,P"]
[Result "0-1"]
[WhiteElo "2395"]
[BlackElo "2534"]

1.e4 c5 2.Nf3 e6 3.d4 cxd4 4.Nxd4 Nc6 5.Nc3 a6 6.Be3 Qc7 7.Bd3 Nf6 8.O-O Bd6
9.f4 Bc5 10.Be2 Qb6 11.Na4 Bxd4 12.Nxb6 Bxe3+ 13.Kh1 Bxb6 14.Bf3 O-O 15.e5 Ne8
16.Be4 Bc5 17.Qh5 g6 18.Qh6 f5 19.exf6 Rxf6 20.Rf3 d5 21.Bd3 b6 22.Re1 Ra7
23.c4 dxc4 24.Bxc4 Nd6 25.Bb3 Raf7 26.f5 Nxf5 27.Qc1 Ncd4 28.Rh3 Bb7 29.Bc4 Nd6  0-1

[Event "Troll Masters"]
[Site "Gausdal NOR"]
[Date "2003.01.11"]
[Round "6"]
[White "Carlsen,M"]
[Black "Nordahl,H"]
[Result "0-1"]
[WhiteElo "2279"]
[BlackElo "2303"]

1.e4 c5 2.Nf3 e6 3.d4 cxd4 4.Nxd4 Nc6 5.Nc3 a6 6.Be3 Nge7 7.Nb3 Ng6 8.Be2 Be7
9.a4 b6 10.O-O O-O 11.Qd2 Qc7 12.Rad1 Rb8 13.f4 f6 14.Nd5 exd5 15.exd5 Re8
16.Bh5 Na5 17.Nxa5 bxa5 18.f5 Bc5 19.Bxc5 Qxc5+ 20.Kh1 Re5 21.Bxg6 hxg6 22.fxg6 Rxb2
23.Rde1 Rxc2 24.Qd1 Rf2 25.Rxe5 fxe5 26.Rg1 Bb7 27.Qh5 Bxd5 28.Qh7+ Kf8 29.Qh8+ Bg8
30.Qh3 Qd6 31.Rb1 Rf6 32.Rc1 Rxg6 33.Qh8 Qd2 34.Rf1+ Ke7 35.Qh4+ Rf6 36.Re1 Qf4  0-1

[Event "Bundesliga 2002-3"]
[Site "Godesberg GER"]
[Date "2003.01.11"]
[Round "8"]
[White "Berndt,S"]
[Black "Andersson,U"]
[Result "1/2-1/2"]
[WhiteElo "2469"]
[BlackElo "2594"]

1.e4 c5 2.Nf3 e6 3.d4 cxd4 4.Nxd4 Nc6 5.Nc3 a6 6.Be2 d6 7.O-O Nf6 8.Be3 Be7
9.a4 O-O 10.f4 Qc7 11.Kh1 Re8 12.a5 Nxa5 13.e5 dxe5 14.fxe5 Qxe5 15.Bf4 Qc5
16.Na4 Qa7 17.Bc7 b5 18.Nb6 Rb8 19.Bxb8 Qxb6 20.Be5 Bb7 21.Qd2 Nc4 22.Bxc4  1/2-1/2

[Event "XXVIII"]
[Site "Seville ESP"]
[Date "2003.01.13"]
[Round "4"]
[White "Rizouk,A"]
[Black "Garrido Dominguez,J"]
[Result "1-0"]
[WhiteElo "2519"]
[BlackElo "2137"]

1.e4 c5 2.Nf3 e6 3.d4 cxd4 4.Nxd4 Nc6 5.Nc3 a6 6.Be3 Qc7 7.Qd2 Nf6 8.O-O-O Bb4
9.f3 d5 10.a3 Ba5 11.Nb3 dxe4 12.Nxa5 Qxa5 13.fxe4 O-O 14.Bg5 Rd8 15.Bd3 b5
16.e5 b4 17.Bxf6 gxf6 18.Qh6 f5 19.Ne4 fxe4 20.Bxe4  1-0

[Event "GMB"]
[Site "Wijk aan Zee NED"]
[Date "2003.01.15"]
[Round "4"]
[White "Nijboer,F"]
[Black "Cmilyte,V"]
[Result "1-0"]
[WhiteElo "2553"]
[BlackElo "2452"]

1.e4 c5 2.Nf3 Nc6 3.d4 cxd4 4.Nxd4 e6 5.Nc3 Qc7 6.Be2 a6 7.O-O Nf6 8.Kh1 Nxd4
9.Qxd4 Bc5 10.Qd3 b5 11.f4 Bb7 12.Bf3 h5 13.e5 Ng4 14.Bxb7 Qxb7 15.Ne4 Be7
16.Be3 Rc8 17.c3 h4 18.Bd4 Nh6 19.Qf3 Qc6 20.b4 Nf5 21.Rad1 O-O 22.Bc5 Rfd8
23.Bxe7 Nxe7 24.Rd6 Qc4 25.Rxa6 Nd5 26.Nd6 Qxc3 27.Nxc8 Rxc8 28.Ra3 Qxb4
29.f5 exf5 30.Rd3 Nf4 31.Rdd1 Rc4 32.g3 hxg3 33.hxg3 Ne6 34.Qxf5 Qe7 35.Rd2 Nd4
36.Qe4 Nc6 37.Qd5 Rc5 38.Qxd7 Qxd7 39.Rxd7 Nxe5 40.Rd8+ Kh7 41.Kg2 g6 42.Rfd1 Ng4
43.Kf3 f5 44.R8d5 Rc3+ 45.Kf4 Nf2 46.R1d2 Nh3+ 47.Ke5 Ng5 48.Rd7+ Kg8 49.Rb2 Rc5+
50.Kf6 Nh7+ 51.Ke7 Nf8 52.Rd8 Re5+ 53.Kd6 Re6+ 54.Kc5 Re5+ 55.Rd5 Re3 56.Rb3 Re2
57.a3 Ne6+ 58.Kd6 Ng5 59.Rdxb5 Ne4+ 60.Kd5 Kg7 61.a4 Ra2 62.a5 Kh6 63.Kc6 Kg5
64.Kb6 Kg4 65.a6 Rxa6+ 66.Kxa6 Nxg3 67.R5b4+ Kh3 68.Rf4 Kg2 69.Rff3 Ne4 70.Ra3  1-0

[Event "TCh-CZE 2002-3"]
[Site "Czech Rep CZE"]
[Date "2003.01.18"]
[Round "5"]
[White "Belaska,P"]
[Black "Chloupek,S"]
[Result "1-0"]
[WhiteElo "2297"]
[BlackElo "2350"]

1.e4 c5 2.Nf3 e6 3.d4 cxd4 4.Nxd4 Nc6 5.Nc3 Qc7 6.Be2 Nf6 7.O-O Be7 8.Be3 O-O
9.f4 d6 10.Kh1 Bd7 11.Qe1 Nxd4 12.Bxd4 Bc6 13.Qg3 b6 14.Rae1 Qb7 15.Bd3 Rad8
16.Qh3 g6 17.Re3 Qd7 18.e5 dxe5 19.Bxe5 h5 20.Rg3 Kg7 21.Qxh5 Qe8 22.f5 Rh8
23.Qg5 exf5 24.Rxf5  1-0

[Event "ch-IND"]
[Site "Mumbai IND"]
[Date "2003.01.20"]
[Round "5"]
[White "Bakre,T"]
[Black "Thipsay,P"]
[Result "1/2-1/2"]
[WhiteElo "2464"]
[BlackElo "2465"]

1.e4 c5 2.Nf3 e6 3.d4 cxd4 4.Nxd4 Nc6 5.Nc3 Qc7 6.g3 a6 7.Bg2 d6 8.O-O Bd7
9.Re1 Be7 10.Nxc6 Bxc6 11.Qg4 h5 12.Qe2 h4 13.a4 hxg3 14.hxg3 Nf6 15.Bd2 Kf8
16.Bf3 Nd7 17.Nd5  1/2-1/2

[Event "TSGM Jan"]
[Site "Novi Sad YUG"]
[Date "2003.01.21"]
[Round "5"]
[White "Fontaine,R"]
[Black "Ilincic,Z"]
[Result "0-1"]
[WhiteElo "2529"]
[BlackElo "2535"]

1.e4 c5 2.Nc3 Nc6 3.Nge2 e6 4.d4 cxd4 5.Nxd4 Qc7 6.Ndb5 Qb8 7.Be3 a6 8.Bb6 axb5
9.Nxb5 Bb4+ 10.c3 Ba5 11.Nc7+ Qxc7 12.Bxc7 Bxc7 13.Qg4 g6 14.Bb5 h5 15.Qe2 Nf6
16.a3 O-O 17.O-O Kg7 18.f4 d5 19.e5 Ng4 20.Kh1 Bb6 21.Bd3 Ne7 22.a4 Bd7 23.a5 Rxa5
24.Rxa5 Bxa5 25.h3 Nh6 26.Qf2 Nc8 27.Ra1 Bb6 28.Qe2 Ne7 29.g4 hxg4 30.hxg4 Bc6
31.Kh2 Bc7 32.b4 f5 33.g5 Ng4+ 34.Kg3 Bb6 35.b5 Bd7 36.Rh1 Rc8 37.c4 Nf2
38.Rh2 dxc4 39.Bxc4 Ne4+ 40.Kf3 Nd5 41.Qf1 Bg1 42.Qh3 Bxh2 43.Qh6+ Kf7 44.Qh7+ Ke8
45.Bxd5 Rc3+ 46.Kg2 Rc2+ 47.Kf3 Rf2+ 48.Ke3 Bxf4+ 49.Kd4 Rd2+ 50.Kc4 exd5+
51.Kb4 Bxe5 52.Qxg6+ Kd8 53.b6 Nd6 54.Qg8+ Be8 55.Kc5 Nc4 56.Kb4 Rb2+  0-1

[Event "Kaissa Open"]
[Site "Kharkov UKR"]
[Date "2003.01.23"]
[Round "3"]
[White "Onoprienko,V"]
[Black "Vinogradov,P"]
[Result "1/2-1/2"]
[WhiteElo "2418"]
[BlackElo "2348"]

1.e4 c5 2.Nf3 e6 3.Nc3 Nc6 4.d4 cxd4 5.Nxd4 Qc7 6.Be2 a6 7.O-O Nf6 8.Be3 d6
9.a4 Be7 10.Kh1 O-O 11.f4 Nxd4 12.Qxd4 e5 13.Qd3 b6 14.f5 Bb7 15.g4 Nxe4
16.Nxe4 d5 17.Qb3 dxe4 18.Qxb6 Qc8 19.c3 Rb8 20.Qa5 Rd8 21.Qxe5 Bd6 22.Qa5 Bc7
23.Qc5 Rd5 24.Qe7 Bd6 25.Qh4 Bc5 26.Bxc5 Qxc5 27.Qg3 Rbd8 28.b4 Qc6 29.b5 axb5
30.axb5 Qc5 31.h3 Rd2 32.Rae1 e3+ 33.Kg1 Qxc3 34.f6 gxf6 35.Qf4 R8d6 36.g5 R2d4
37.Qg3 f5 38.Rxf5 Be4 39.Re5 Rd8  1/2-1/2

[Event "ch-IND"]
[Site "Mumbai IND"]
[Date "2003.01.24"]
[Round "11"]
[White "Prathamesh,S"]
[Black "Satyapragyan,S"]
[Result "1-0"]
[WhiteElo "2366"]
[BlackElo "2438"]

1.e4 c5 2.Nf3 Nc6 3.d4 cxd4 4.Nxd4 e6 5.Nc3 Qc7 6.g3 a6 7.Bg2 d6 8.O-O Bd7
9.a4 Nf6 10.Nb3 b6 11.Qe2 Be7 12.f4 Bc8 13.Be3 Bb7 14.Rad1 Nd7 15.Rd2 O-O
16.g4 Nc5 17.Rf3 Bf6 18.Rh3 Bxc3 19.bxc3 Nxa4 20.g5 g6 21.f5 exf5 22.exf5 Ne5
23.Qe1 f6 24.fxg6 Nxg6 25.gxf6 Bxg2 26.Rxg2 Qc4 27.Bd4 Rae8 28.Qh4 Qf7 29.Rxg6+ hxg6
30.Qe1 Qc7  1-0

[Event "ch-IND"]
[Site "Mumbai IND"]
[Date "2003.01.25"]
[Round "12"]
[White "Bakre,T"]
[Black "Kunte,A"]
[Result "0-1"]
[WhiteElo "2464"]
[BlackElo "2507"]

1.e4 c5 2.Nf3 Nc6 3.d4 cxd4 4.Nxd4 e6 5.Nc3 Qc7 6.g3 a6 7.Bg2 Nf6 8.O-O d6
9.Re1 Nd7 10.Nxc6 bxc6 11.Na4 Bb7 12.Bf4 Be7 13.Qd2 O-O 14.c4 c5 15.Rad1 Ne5
16.b3 Rad8 17.Qc3 Bf6 18.Qd2 Bc6 19.Nb2 a5 20.Re2 h6 21.h4 Rd7 22.Qc1 Rb8
23.Red2 a4 24.bxa4 Qb7 25.Nd3 Nxd3 26.Rxd3 Bd4 27.Rb3 Qc7 28.Rxb8+ Qxb8 29.a5 Qa8
30.Qa3 Ra7 31.Bd2 Bxe4 32.Bxe4 Qxe4 33.Qb3 Rb7 34.Qa3 Qe2 35.Qa4 Qf3  0-1

[Event "GMA"]
[Site "Bermuda BER"]
[Date "2003.01.27"]
[Round "3"]
[White "Al Modiahki,M"]
[Black "Movsesian,S"]
[Result "1/2-1/2"]
[WhiteElo "2571"]
[BlackElo "2663"]

1.e4 c5 2.Nf3 Nc6 3.Nc3 e6 4.d4 cxd4 5.Nxd4 Qc7 6.g3 a6 7.Bg2 d6 8.O-O Nf6
9.Re1 Nd7 10.b3 Be7 11.Bb2 O-O 12.Na4 b5 13.Nxc6 Qxc6 14.e5 d5 15.c4 bxc4
16.Rc1 Nb6 17.Nxb6 Qxb6 18.Bd4 Qa5 19.bxc4 Bb7 20.Re2  1/2-1/2

[Event "Kaissa Open"]
[Site "Kharkov UKR"]
[Date "2003.01.28"]
[Round "7"]
[White "Aveskulov,V"]
[Black "Rogovski,V"]
[Result "1/2-1/2"]
[WhiteElo "2386"]
[BlackElo "2457"]

1.e4 c5 2.Nf3 e6 3.d4 cxd4 4.Nxd4 Nc6 5.Nc3 d6 6.Be2 Nf6 7.O-O Be7 8.Be3 O-O
9.f4 Qc7 10.a4 Bd7 11.Nb3 Na5 12.Nd2 Rfd8 13.Bd3 Be8 14.Bf2 Nc6 15.Kh1 Nb4
16.Qf3 Qa5 17.Bh4 Nxd3 18.cxd3 Bc6 19.Qe2 Re8 20.Nc4 Qd8 21.e5 dxe5 22.fxe5 Nd5
23.Bxe7 Qxe7 24.Ne4 Rf8 25.Rf3 f5 26.exf6 Nxf6 27.Nxf6+ Rxf6 28.Rxf6 Qxf6
29.Rf1 Qe7 30.a5 Rd8 31.Ne5 Bd5 32.Qe3 a6 33.Rf7 Qh4 34.h3 Rc8 35.Rf4 Rc1+
36.Kh2 Re1 37.Qd2 Re2 38.Qxe2 Qxf4+ 39.Kg1 h6 40.Ng4 Qc1+ 41.Kh2 Qc7+ 42.Ne5 Qxa5
43.Qh5  1/2-1/2

[Event "Jose Marti Memorial"]
[Site "Las Tunas CUB"]
[Date "2003.01.28"]
[Round "4"]
[White "Parra,El"]
[Black "Gongora,L"]
[Result "1-0"]
[WhiteElo "2244"]
[BlackElo "2257"]

1.e4 c5 2.Nf3 Nc6 3.Nc3 e6 4.d4 cxd4 5.Nxd4 Qc7 6.Be3 a6 7.Bd3 b5 8.O-O Bb7
9.Qe2 Nf6 10.Rae1 Ne5 11.f4 Neg4 12.e5 Nxe3 13.Qxe3 b4 14.exf6 bxc3 15.f5 gxf6
16.fxe6 dxe6 17.Nxe6 fxe6 18.Qxe6+ Be7 19.Qxf6 Qc5+ 20.Kh1 O-O-O 21.Rxe7 Rhf8
22.Qxf8 Bxg2+ 23.Kxg2 Qd5+ 24.Be4  1-0

[Event "Gibraltar Masters"]
[Site "Catalan Bay ENG"]
[Date "2003.01.29"]
[Round "2"]
[White "Kotronias,V"]
[Black "Cramling,P"]
[Result "1-0"]
[WhiteElo "2573"]
[BlackElo "2492"]

1.e4 c5 2.Nf3 e6 3.d4 cxd4 4.Nxd4 Nc6 5.Nc3 Qc7 6.Be3 a6 7.Bd3 b5 8.Nxc6 Qxc6
9.O-O Bb7 10.a3 Nf6 11.Qe2 h5 12.f4 Ng4 13.Bd2 Bc5+ 14.Kh1 Bd4 15.a4 b4 16.Nd5 Nf2+
17.Rxf2 Bxf2 18.Qxf2 exd5 19.exd5 Qd6 20.Qd4 a5 21.c4 bxc3 22.Bxc3 f6 23.Bg6+ Kf8
24.Rd1 Rh6 25.f5 Kg8 26.Qe3 Kf8 27.h3 h4 28.Qe4 Qe7 29.Qf4 d6 30.Re1 Qd7
31.Bxf6 Bxd5 32.Bxg7+  1-0

[Event "Gibraltar Masters"]
[Site "Catalan Bay ENG"]
[Date "2003.01.30"]
[Round "3"]
[White "Luther,T"]
[Black "Kotronias,V"]
[Result "1/2-1/2"]
[WhiteElo "2575"]
[BlackElo "2573"]

1.e4 c5 2.Nf3 Nc6 3.d4 cxd4 4.Nxd4 e6 5.Nc3 Qc7 6.f4 Nxd4 7.Qxd4 a6 8.a4 Ne7
9.Be3 Nc6 10.Qb6 Qxb6 11.Bxb6 Bb4 12.O-O-O d6 13.h4 Bd7 14.Rh3 Ne7 15.Rhd3 Bc6
16.Rd4 Bxc3 17.bxc3 O-O 18.a5 d5 19.Bc5 Rfe8 20.Bxe7 Rxe7 21.e5 Bb5 22.c4 dxc4
23.Bxc4 h5 24.Bb3 Kf8  1/2-1/2

[Event "National I"]
[Site "Sautron FRA"]
[Date "2003.01.31"]
[Round "1"]
[White "Bologan,V"]
[Black "Cousigne,F"]
[Result "1-0"]
[WhiteElo "2630"]
[BlackElo "2253"]

1.e4 c5 2.Nf3 e6 3.d4 cxd4 4.Nxd4 Nc6 5.Nc3 a6 6.Be2 Nge7 7.f4 b5 8.Nf3 d6
9.Be3 Ng6 10.Qd2 Be7 11.O-O-O Bd7 12.Kb1 Qa5 13.Bd3 Rc8 14.h4 Nb4 15.h5 Nf8
16.a3 Nc6 17.Qf2 Qc7 18.Na2 Rb8 19.Qd2 a5 20.Qe2 b4 21.a4 b3 22.cxb3 Rxb3
23.Bb5 Bf6 24.Bc1 Nb4 25.e5 dxe5 26.fxe5 Be7 27.Nd4 Rg3 28.Nxb4 axb4 29.Bf4 Rg5
30.Bxg5 Bxg5 31.Nf3 Be7 32.Rxd7 Nxd7 33.Rd1  1-0

[Event "National I"]
[Site "Sautron FRA"]
[Date "2003.02.01"]
[Round "2"]
[White "Stephan,J"]
[Black "Beikert,G"]
[Result "0-1"]
[WhiteElo "2128"]
[BlackElo "2444"]

1.e4 c5 2.Nf3 e6 3.d4 cxd4 4.Nxd4 Nc6 5.Nc3 Qc7 6.Be3 a6 7.Qd2 Nxd4 8.Bxd4 Ne7
9.Qg5 h6 10.Qg3 Qxg3 11.hxg3 b5 12.Bc5 Nc6 13.Bxf8 Rxf8 14.O-O-O Ke7 15.f4 d6
16.Be2 Bb7 17.Bf3 Rac8 18.Rhe1 Rfd8 19.Nd5+ Kf8 20.Ne3 Ke7 21.Nd5+ Kf8 22.Ne3 a5
23.b3 Nb4 24.Kb2 Na6 25.c3 Nc5 26.Ng4 Ke7 27.Nf2 Rc7 28.Nd3 Nd7 29.e5 d5
30.f5 Rdc8 31.fxe6 fxe6 32.Rc1 Ba6 33.b4 Nb6 34.Nc5 Na4+ 35.Nxa4 bxa4 36.a3 Bd3
37.Be2 Bxe2 38.Rxe2 axb4 39.axb4 d4 40.Rec2 dxc3+ 41.Rxc3 a3+ 42.Kb3 Rxc3+
43.Rxc3 a2 44.Rxc8 a1=Q 45.Rc7+ Kd8  0-1

[Event "GMA"]
[Site "Bermuda BER"]
[Date "2003.02.03"]
[Round "9"]
[White "Al Modiahki,M"]
[Black "Volokitin,And"]
[Result "1/2-1/2"]
[WhiteElo "2571"]
[BlackElo "2565"]

1.e4 c5 2.Nc3 e6 3.Nf3 Nc6 4.d4 cxd4 5.Nxd4 a6 6.Nxc6 bxc6 7.Bd3 d5 8.O-O Nf6
9.Qe2 Bb7 10.b3 Qc7 11.Re1 Bb4 12.Bd2 Qa5 13.a3 Bxc3 14.b4 Qc7 15.Bxc3 dxe4
16.Bxe4 Nxe4 17.Qxe4 c5 18.Qg4 h5 19.Qxg7 O-O-O 20.Qg3 Rhg8 21.Qxc7+ Kxc7
22.g3 Rg4 23.f4 h4 24.Kf2 hxg3+ 25.hxg3 Rdg8 26.Be5+ Kc8 27.Re3 c4 28.Rd1 Bd5
29.Bf6 Kb7 30.Bg5 Rh8 31.Bh4 f5 32.a4 Rxf4+ 33.gxf4 Rxh4 34.Rd4 Rh2+ 35.Ke1 Rxc2
36.Rd2 Rc1+ 37.Rd1 Rc2 38.Rd2 Rc1+  1/2-1/2

[Event "Gibraltar Masters"]
[Site "Catalan Bay ENG"]
[Date "2003.02.04"]
[Round "8"]
[White "Reinderman,D"]
[Black "Korneev,O"]
[Result "1/2-1/2"]
[WhiteElo "2506"]
[BlackElo "2613"]

1.e4 c5 2.Nf3 e6 3.d4 cxd4 4.Nxd4 Nc6 5.Nc3 Qc7 6.Be2 a6 7.O-O Nf6 8.Be3 Bb4
9.Na4 Bd6 10.Nxc6 bxc6 11.Nb6 Rb8 12.Nxc8 Rxc8 13.Bxa6 Ra8 14.Bd3 Bxh2+ 15.Kh1 Ra5
16.g3 Bxg3 17.fxg3 Qxg3 18.Bf4 Qh3+ 19.Kg1 Rg5+ 20.Bxg5 Qg3+ 21.Kh1  1/2-1/2

[Event "Gibraltar Masters"]
[Site "Catalan Bay ENG"]
[Date "2003.02.04"]
[Round "8"]
[White "Short,N"]
[Black "Lalic,B"]
[Result "1-0"]
[WhiteElo "2690"]
[BlackElo "2547"]

1.e4 c5 2.Nc3 e6 3.Nf3 Nc6 4.d4 cxd4 5.Nxd4 Nf6 6.a3 Qc7 7.Be3 a6 8.Be2 d6
9.g4 h6 10.h4 Nxd4 11.Qxd4 e5 12.Qd3 Bxg4 13.Bxg4 Nxg4 14.Nd5 Qc6 15.f3 Nxe3
16.Qxe3 Rc8 17.c3 Qc5 18.Qd2 h5 19.Qg5 Qa5 20.f4 Qa4 21.Qf5 Qd7 22.Qxd7+ Kxd7
23.Nb6+ Kc7 24.Nxc8 exf4 25.O-O Kxc8 26.Rxf4 f6 27.Kf2 Be7 28.Rg1 g5 29.Rf5 Kd7
30.Rh1 Ke6 31.a4 Bd8 32.Ke2 Be7 33.a5 Bd8 34.b4 Rh7 35.Kd3 g4 36.Rh2 b6 37.axb6 Bxb6
38.Rg2 Rh8 39.Rd5 Rh7 40.Ke2 Bd8 41.Rg3 Bc7 42.Rgd3 Rh8 43.Kf2 Kf7 44.Kg2 Kg6
45.R3d4 Ra8 46.Rc4 Ra7 47.Rc6 a5 48.bxa5 Bxa5 49.Rdxd6 Kg7 50.Rd5  1-0

[Event "Gibraltar Masters"]
[Site "Catalan Bay ENG"]
[Date "2003.02.06"]
[Round "10"]
[White "Hamdouchi,H"]
[Black "Medvegy,N"]
[Result "1/2-1/2"]
[WhiteElo "2615"]
[BlackElo "2376"]

1.e4 c5 2.Nc3 e6 3.Nf3 Nc6 4.d4 cxd4 5.Nxd4 Nf6 6.Ndb5 d6 7.Bf4 e5 8.Bg5 a6
9.Na3 b5 10.Bxf6 gxf6 11.Nd5 Bg7 12.Bd3 Ne7 13.Nxe7 Qxe7 14.O-O f5 15.c4 O-O
16.Re1 fxe4 17.Bxe4 Rb8 18.cxb5 axb5 19.Qb3 Kh8 20.Rad1 f5 21.Bc6 e4 22.f4 b4
23.Nc4 Qa7+ 24.Qe3 Qc7 25.Bd5 Ba6 26.b3 Qc5 27.Kh1 Rbd8 28.Re2 Bb5 29.Qc1 Bd4
30.Red2 Bg7 31.Rc2 Qa7 32.Qd2 Bxc4 33.Rxc4 Rb8 34.Qc2 Qe3 35.Qc1 Qxc1 36.Rcxc1 e3
37.Bf3 Rbc8 38.Rxc8 Rxc8 39.h4 Rc2 40.Rxd6 Bc3 41.Re6 Bd4 42.h5 Kg7 43.Rd6 Bc3
44.Re6 Bd4 45.Rd6 Bc3 46.Re6 Bd4 47.Rd6  1/2-1/2

[Event "Bundesliga 2002-3"]
[Site "Cologne GER"]
[Date "2003.02.09"]
[Round "11"]
[White "Helm,L"]
[Black "Van den Doel,E"]
[Result "0-1"]
[WhiteElo "2201"]
[BlackElo "2587"]

1.e4 c5 2.Nf3 e6 3.d4 cxd4 4.Nxd4 Nc6 5.Nc3 d6 6.Be3 a6 7.Be2 Nf6 8.O-O Be7
9.Kh1 O-O 10.f4 Bd7 11.Qe1 b5 12.a3 Qb8 13.Bd3 Nxd4 14.Bxd4 Bc6 15.Qg3 b4
16.Nd1 Nh5 17.Qg4 g6 18.f5 e5 19.fxg6 hxg6 20.Bc4 d5 21.exd5 Bb5 22.d6 Bxc4
23.dxe7 Rc8 24.e8=Q+ Rxe8 25.Bxe5 Qc8 26.Ne3 Qxg4 27.Nxg4 Bxf1 28.Rxf1 f5  0-1

[Event "Bundesliga 2002-3"]
[Site "Emsdetten GER"]
[Date "2003.02.09"]
[Round "11"]
[White "Hoerr,M"]
[Black "Heissler,J"]
[Result "0-1"]
[WhiteElo "2089"]
[BlackElo "2455"]

1.e4 c5 2.Nf3 e6 3.d4 cxd4 4.Nxd4 Nc6 5.Nc3 Qc7 6.Be3 a6 7.Be2 Nf6 8.O-O Bb4
9.f3 O-O 10.a3 Bxc3 11.bxc3 Ne5 12.Qe1 d6 13.Kh1 Ng6 14.Bd3 d5 15.Bd2 Bd7
16.e5 Nxe5 17.Qg3 Rfc8 18.Bf4 Nh5 19.Bxh7+ Kf8 20.Qg5 Nxf4 21.Qxf4 Nc6 22.Qh4 Qd8
23.Qh5 Qf6 24.Bd3 Nxd4 25.cxd4 Qxd4 26.Rad1 Qf6 27.Rfe1 g6 28.Qh3 Kg7 29.Qg3 Bb5
30.Rb1 Bxd3 31.cxd3 b5 32.Rb4 Rc3 33.Rf4 Qe7 34.Rh4 Qc7 35.Qh3 Qe5 36.Rh7+ Kg8
37.Qh4 g5 38.Qf2 Qf6 39.Rh5 Rac8 40.Qe3 Rxa3 41.Rxg5+ Kf8 42.Rh5 Ra1 43.Re5 Rxe1+
44.Qxe1 Qxe5  0-1

[Event "Bermuda Open"]
[Site "Southampton BER"]
[Date "2003.02.09"]
[Round "5"]
[White "Faulks,N"]
[Black "Salman,J"]
[Result "0-1"]
[WhiteElo "2041"]
[BlackElo "2236"]

1.e4 c5 2.Nc3 Nc6 3.Nf3 e6 4.d4 cxd4 5.Nxd4 Nf6 6.Nxc6 bxc6 7.e5 Nd5 8.Ne4 Qc7
9.f4 Qb6 10.Qf3 Be7 11.a3 O-O 12.Bd3 f6 13.c4 fxe5 14.cxd5 exd5  0-1

[Event "II Marcelo Salado Cup Gp A"]
[Site "Santa Clara CUB"]
[Date "2003.02.10"]
[Round "10"]
[White "Martinez,Lel"]
[Black "Garcia Gomez,R"]
[Result "1-0"]
[WhiteElo "2282"]
[BlackElo "2198"]

1.e4 c5 2.Nf3 Nc6 3.Nc3 e6 4.d4 cxd4 5.Nxd4 Nf6 6.Nxc6 bxc6 7.e5 Nd5 8.Ne4 Qc7
9.f4 Qb6 10.c4 Bb4+ 11.Ke2 Ba6 12.Kf3 f5 13.Nf2 Ne7 14.Be3 Bc5 15.Bxc5 Qxc5
16.Qd6 Qxd6 17.exd6 Ng6 18.c5 Bxf1 19.Rhxf1 e5 20.fxe5 Nxe5+ 21.Kf4 Ng6+
22.Kg5 O-O 23.Nd3 Rae8 24.Rae1 Re4 25.Rxf5 Rxf5+ 26.Kxf5 Rd4 27.Re3 Nh4+
28.Ke5 Rd5+ 29.Ke4 Nxg2 30.Rh3 h6 31.b4 Kf7 32.Rf3+ Kg8 33.Ne5 Ne1 34.Rc3  1-0

[Event "FSIMA Feb"]
[Site "Budapest HUN"]
[Date "2003.02.11"]
[Round "11"]
[White "Hardicsay,P"]
[Black "Kovacs,Ga2"]
[Result "1-0"]
[WhiteElo "2309"]
[BlackElo "2382"]

1.e4 c5 2.Nf3 e6 3.d4 cxd4 4.Nxd4 Nc6 5.Nc3 Qc7 6.Be2 a6 7.O-O Nf6 8.Kh1 d6
9.f4 Be7 10.Be3 O-O 11.Qe1 Nxd4 12.Bxd4 b5 13.a3 Bb7 14.Qg3 Bc6 15.Rae1 Qb7
16.Bd3 b4 17.Nd1 bxa3 18.bxa3 g6 19.Nf2 Rad8 20.Qh3 Rfe8 21.Re3 Qc7 22.e5 Nh5
23.Ng4 Qb7 24.exd6 Rxd6 25.Be5 Rdd8 26.f5 Bg5 27.fxg6 fxg6 28.Ree1 Bd5 29.Ne3 Bxe3
30.Rxe3 Rf8 31.Ree1 Qc6 32.Qg4 Qb7 33.h3 Ng7 34.Kh2 Nf5 35.Qg5 Qe7 36.Rxf5  1-0

[Event "II Marcelo Salado Cup Gp B"]
[Site "Santa Clara CUB"]
[Date "2003.02.11"]
[Round "11"]
[White "Alvarez,Jose A"]
[Black "Gil Hector,L"]
[Result "1/2-1/2"]
[WhiteElo "2127"]
[BlackElo "2237"]

1.e4 c5 2.Nf3 e6 3.d4 cxd4 4.Nxd4 Nc6 5.Nc3 Qc7 6.Be3 a6 7.a3 Nf6 8.Be2 Nxd4
9.Qxd4 Bd6 10.O-O Bxh2+ 11.Kh1 Be5 12.Qd3 b5 13.f4 Bxc3 14.bxc3 Bb7 15.Bf3 Rc8
16.a4 Qxc3 17.axb5 Qxd3 18.cxd3 axb5 19.Ra7 Bc6 20.Bc5 Ra8  1/2-1/2

[Event "11th Aosta Open"]
[Site "Saint Vincent ITA"]
[Date "2003.02.12"]
[Round "5"]
[White "Palac,M"]
[Black "Saldano,H"]
[Result "1-0"]
[WhiteElo "2591"]
[BlackElo "2442"]

1.e4 c5 2.Nf3 e6 3.d4 cxd4 4.Nxd4 Nc6 5.Nc3 Qc7 6.Be2 a6 7.O-O Nf6 8.Kh1 Be7
9.f4 d6 10.a4 O-O 11.Be3 Bd7 12.Nb3 b6 13.Bf3 Bc8 14.a5 bxa5 15.e5 dxe5 16.fxe5 Rd8
17.Qe2 Nd5 18.Bxd5 exd5 19.Qf2 Be6 20.Bb6 Qxe5 21.Bxd8 Bxd8 22.Rae1 Qd6 23.Rd1 Bc7
24.Qh4 Rb8 25.Ne2 Bg4 26.Rde1 h6 27.Ned4 Nxd4 28.Nxd4 g5 29.Qg3 Qxg3 30.hxg3 Bxg3
31.Re7 Rxb2 32.Rexf7 Bf4 33.Ra7 Rb8 34.Rxa6 Be5 35.c3 Bxd4 36.cxd4 Be2 37.Rg6+ Kh7
38.Rff6 Bd3 39.Rxh6+ Kg7 40.Rc6 Be4 41.Rhd6 Kf7 42.Rc7+ Ke8 43.Rh6  1-0

[Event "11th Aosta Open"]
[Site "Saint Vincent ITA"]
[Date "2003.02.13"]
[Round "6"]
[White "Vassallo,M"]
[Black "Korchnoi,V"]
[Result "0-1"]
[WhiteElo "2443"]
[BlackElo "2642"]

1.Nf3 c5 2.e4 e6 3.d4 cxd4 4.Nxd4 Nc6 5.Nc3 d6 6.g3 Nf6 7.Bg2 Bd7 8.O-O Be7
9.Be3 O-O 10.Nxc6 bxc6 11.b3 Rc8 12.h3 Qa5 13.Qe1 Kh8 14.Rd1 Rfd8 15.Na4 Qxe1
16.Rfxe1 c5 17.Nb2 Bc6 18.Bf4 h6 19.c4 g5 20.Bd2 Nd7 21.Bc3+ Kh7 22.Nd3 Ba8
23.Nc1 Nb8 24.Re2 Nc6 25.Red2 e5 26.Ne2 Nd4 27.g4 Rd7 28.Ng3 Bd8 29.Rd3 a5
30.Nf5 Rb8 31.Kh2 Bc6 32.Rb1 Kg6 33.Kg3 h5 34.gxh5+ Kxh5 35.Bf3+ Kg6 36.Rh1 a4
37.bxa4 Ra8 38.a5 Bxa5 39.Bxa5 Rxa5 40.h4 Nxf3 41.Kxf3 g4+ 42.Ke3 Rxa2 43.Rb1 Rxf2
44.Rxd6+ Rxd6 45.Nxd6 Rf3+ 46.Ke2 Rf6 47.Ra1 Kh5 48.Nf5 Rxf5 49.exf5 Bf3+  0-1

[Event "11th Aosta Open"]
[Site "Saint Vincent ITA"]
[Date "2003.02.15"]
[Round "8"]
[White "Pavlovic,Mi"]
[Black "Borgo,G"]
[Result "1-0"]
[WhiteElo "2560"]
[BlackElo "2430"]

1.e4 c5 2.Nf3 e6 3.d4 cxd4 4.Nxd4 Nc6 5.Nc3 a6 6.Be2 d6 7.O-O Nf6 8.a4 Bd7
9.Be3 Be7 10.f4 Nxd4 11.Bxd4 Bc6 12.Bd3 O-O 13.Qe2 Qa5 14.Kh1 Nd7 15.Rae1 Qb4
16.Nd5 exd5 17.c3 Qb3 18.e5 Rfe8 19.e6 Nf8 20.Bc2 Qc4 21.Bd3 Qb3 22.Qg4 f6
23.Rf3 Bd8 24.Rg3 g6 25.f5 g5 26.Qh5 Re7 27.Bxf6 Rxe6 28.Rxg5+  1-0

[Event "TCh-CZE 2002-3"]
[Site "Czech Rep CZE"]
[Date "2003.02.16"]
[Round "7"]
[White "Prandstetter,E"]
[Black "Chloupek,S"]
[Result "1/2-1/2"]
[WhiteElo "2365"]
[BlackElo "2350"]

1.e4 c5 2.Nf3 e6 3.d4 cxd4 4.Nxd4 Nc6 5.Nc3 Qc7 6.Be2 a6 7.f4 Nxd4 8.Qxd4 b5
9.Be3 Bb7 10.Bf3 Rc8 11.O-O h5 12.h3 h4 13.Rad1 Nf6 14.e5 Nh5 15.Bxb7 Qxb7
16.Qd3 Ng3 17.Rfe1 Bb4 18.Bd2 Bc5+ 19.Kh2 O-O 20.Ne4 Nxe4 21.Rxe4 d5 22.Re2 d4
23.Be1 Be7 24.Bf2 Qd5 25.a3 Rfd8 26.Bxd4 Bc5 27.c3 Bxd4 28.cxd4 Qc4 29.Qe3 Qd5
30.Qf2 Rc4 31.Red2 Qe4 32.Qxh4 Rdxd4 33.Rxd4 Rxd4 34.Rxd4 Qxd4 35.b4 g6 36.Qg3 Kf8
37.h4 Qd2 38.Qf3 Kg7 39.Kh3 Qe1 40.g3 Qb1 41.h5 gxh5 42.Kh4 Qg6 43.Qxh5 Qd3
44.Qg5+ Kf8 45.Kh5 Qxa3 46.Qd8+ Kg7 47.Qf6+ Kf8 48.Kh6 Ke8 49.Qh8+ Ke7 50.Qf6+ Ke8
51.Qh8+ Ke7  1/2-1/2